000 00832cam a22002295a 4500
001 L159736
008 150226s2017 xxk f 000 0 eng d
035 _a(Sirsi) u159736
041 0 _aeng
100 1 _aHooper, Brendon
_96168
245 0 4 _aThe Taff gets going
260 _c2017
490 _aModus
_vNovember 2017, 34-35 (2)
520 _aTwo new developments around Cardiff's famous river and former docks are leading the city's latest charge. The Central Square and Capital Quarter developments are sought-after locations in a city quickly becoming a regional power.
590 _aKA
650 2 4 _aPROPERTY DEVELOPMENT
650 2 4 _aTECHNOLOGY CITY
650 2 4 _aPROPERTY-COMMERCIAL PROPERTY-OFFICE PROPERTY-OFFICE PROPERTY MARKET
651 4 _aWales
690 _aBUILDING AND CONSTRUCTION-PROJECTS
942 _n0
999 _c84947
_d84947